000 00667nam a2200277Ia 4500
005 20260320195828.0
008 008 262003s9999 xx 000 0 hin d
020 _a9788180317323
037 _aEBOOK
040 _aCRL
040 _bhin
040 _cCRL
041 _2hin
041 _ahin
084 _qCRL
100 _aरामचन्द्र शुक्ल
_91133242
245 0 _aचिन्तामणि : खंड 1
250 _a4th
260 _bRajkamal
260 _c2012
300 _a234
856 _uhttps://ebook.indiaread.in/pdfs/9788180317323.pdf
942 _cEBOOK
999 _c1716726
_d1716726